Barcelona - Bayern Munchen - Estadísticas

Estadísticas generales
  • Esta prueba ha sido intentada 49 veces
  • La puntuación promedio es 3 de 9
Estadísticas de respuestas
Hint Respuesta % Correcto
2022 Robert Lewandowski
81%
2019 Philippe Coutinho
76%
2013 Thiago Alcantara
70%
2018 Arturo Vidal
35%
2023 Joao Cancelo
32%
2006 Mark Van Bommel
19%
1987 Mark Hughes
5%
1999 Patrik Andersson
5%
2014 Pepe Reina
5%
No se encontraron pruebas coincidentes
Distribución de puntuación
Porcentaje de gente con cada puntuación
Porcentaje por número respondido
Historial de tus puntuaciones
No has intentado esta prueba.